[Event "Kingston Chan Memorial op"]
[Site "Kingston"]
[Date "2017.09.23"]
[Round "3"]
[White "Barrett, Ariel"]
[Black "Chai, Leah Ann"]
[Result "1-0"]
[WhiteElo "1704"]
[BlackElo "1247"]
[PlyCount "115"]
[EventDate "2017.09.21"]
[EventType "swiss"]
[EventRounds "6"]
[EventCountry "JAM"]
[SourceTitle "EXT 2020"]
[Source "ChessBase"]
[SourceDate "2019.10.17"]
[SourceVersion "1"]
[SourceVersionDate "2019.10.17"]
[SourceQuality "1"]

1. c4 e5 2. Nc3 Nc6 3. Nf3 Nf6 4. g3 Bc5 5. Bg2 0-0 6. 0-0 d6 7. d3 Bg4 8. a3 Qd7 9. Bg5 Bxf3 10. Bxf3 Qf5 11. Bxf6 Qxf6 12. Nd5 Qd8 13. b4 Bb6 14. Nxb6 axb6 15. Qd2 Nd4 16. Rfb1 Re8 17. Bxb7 Rb8 18. Bg2 Re6 19. e3 Nf5 20. Rb2 Qg5 21. f4 Qg4 22. Rf1 Rbe8 23. Bd5 Rf6 24. Rbb1 exf4 25. Rxf4 Qg5 26. Re1 Ne7 27. Rxf6 Qxf6 28. Rf1 Qg5 29. Bxf7+ Kf8 30. Be6+ Nf5 31. Rxf5+ Qxf5 32. Bxf5 Re7 33. Bxh7 Rf7 34. e4 Ke7 35. Kg2 Kf6 36. Bf5 g6 37. Qh6 Ke5 38. Qxg6 Rf6 39. Qg7 c6 40. d4+ Kxd4 41. Qxf6+ Kxc4 42. Qxd6 Kb5 43. e5 c5 44. bxc5 bxc5 45. Bd7+ Kc4 46. a4 Kb4 47. Qb6+ Kc4 48. e6 Kd5 49. Qb5 Kd6 50. Qc6+ Ke7 51. Qxc5+ Kd8 52. Qc8+ Ke7 53. Qe8+ Kd6 54. e7 Kc7 55. Qc8+ Kd6 56. e8Q Kd5 57. Qe6+ Kd4 58. Qcc4# 1-0